THE UNIVERSAL MINING SCHOOL [VOL-1] [VOL-2] AND [VOL-3] (Record no. 5747)

MARC details
000 -LEADER
fixed length control field 00295nam a22001217a 4500
005 - DATE AND TIME OF LATEST TRANSACTION
control field 20211004104821.0
008 - FIXED-LENGTH DATA ELEMENTS--GENERAL INFORMATION
fixed length control field 181006b xxu||||| |||| 00| 0 eng d
041 ## - LANGUAGE CODE
Language code of text/sound track or separate title eng
245 ## - TITLE STATEMENT
Title THE UNIVERSAL MINING SCHOOL [VOL-1] [VOL-2] AND [VOL-3]
300 ## - PHYSICAL DESCRIPTION
Number of Pages 553
650 ## - SUBJECT ADDED ENTRY--TOPICAL TERM
Topical Term MINING
942 ## - ADDED ENTRY ELEMENTS (KOHA)
Koha item type Books
Holdings
Lost status Damaged status Collection code Home library Current library Shelving location Date acquired Source of acquisition Cost, normal purchase price Serial Enumeration / chronology Full call number Accession Number Koha item type
    MINING JRU Library JRU Library Reference Section 06/10/2018 Purchase 1800.00 VOL-3 622.14 22447 Books
    MINING JRU Library JRU Library Reference Section 06/10/2018 Purchase 1800.00 VOL-1 622.14 22448 Books
    MINING JRU Library JRU Library Reference Section 06/10/2018 Purchase 1800.00 VOL-2 622.14 22449 Books